[Event "International Tournament "]
[Site "Paracin, Pool "]
[Date "2019.07.10"]
[Round "7.51"]
[White "Arsovic, Zoran"]
[Black "Toncheva, Nadya"]
[Result "1-0"]
[WhiteElo "2398"]
[BlackElo "2087"]
[PlyCount "107"]
[EventDate "2019.07.05"]

1. Nf3 c5 2. c4 g6 3. e4 Bg7 4. d4 cxd4 5. Nxd4 Nc6 6. Be3 d6 7. Nc3 Nf6 8. Be2
O-O 9. O-O Bd7 10. Qd2 Nxd4 11. Bxd4 Bc6 12. f3 a5 13. b3 Nd7 14. Be3 Nc5 15.
Rac1 Qb6 16. Nd5 Bxd5 17. cxd5 Rfc8 18. Rc4 Qd8 19. Rfc1 h5 20. Kh1 b6 21. R4c2
Qd7 22. Bf1 Kh7 23. g3 Rf8 24. Re1 Rad8 25. h4 Qb7 26. Bh3 e5 27. dxe6 fxe6 28.
Qe2 Qf7 29. Bg2 Qe8 30. Rd1 Qc6 31. Bg5 Rd7 32. f4 Re8 33. Kh2 Rf7 34. Qf3 Bf8
35. Rcd2 Nd7 36. Qe2 b5 37. Bf3 Nc5 38. Re1 Qb6 39. Qd1 Kg8 40. Kg2 Qc7 41. Qc2
Na6 42. Qb1 Qc3 43. Rdd1 Nb4 44. Re2 Kg7 45. a3 Na6 46. Rc2 Qe3 47. f5 Qb6 48.
fxg6 Rc7 49. Rxc7+ Qxc7 50. Rc1 Qb6 51. e5 dxe5 52. Rc6 Qa7 53. Qe4 Qd4 54.
Rxa6 1-0

[Event "International Tournament "]
[Site "Paracin, Pool "]
[Date "2019.07.10"]
[Round "7.52"]
[White "Sapale, Saloni"]
[Black "Injac, Teodora"]
[Result "1/2-1/2"]
[WhiteElo "2151"]
[BlackElo "2305"]
[PlyCount "41"]
[EventDate "2019.07.05"]

1. e4 c5 2. Nf3 d6 3. d4 cxd4 4. Nxd4 Nf6 5. Nc3 a6 6. f4 e5 7. Nf3 Qc7 8. a4
Be7 9. Bd3 Nbd7 10. Qe2 b6 11. g4 Nxg4 12. Nd5 Qd8 13. Nxe7 Qxe7 14. Rg1 Nc5
15. h3 Nxd3+ 16. cxd3 Nf6 17. fxe5 dxe5 18. Rxg7 Bxh3 19. Qh2 Be6 20. Qxe5 Nd7
21. Qc3 1/2-1/2

[Event "International Tournament "]
[Site "Paracin, Pool "]
[Date "2019.07.10"]
[Round "7.53"]
[White "Wong, Jianwen"]
[Black "Zavgorodniaya, Alena"]
[Result "0-1"]
[WhiteElo "2301"]
[BlackElo "2128"]
[PlyCount "45"]
[EventDate "2019.07.05"]

1. c4 Nf6 2. g3 g6 3. Bg2 d5 4. cxd5 Nxd5 5. Nc3 Nxc3 6. bxc3 Bg7 7. Rb1 Nc6 8.
Qa4 O-O 9. Nf3 e5 10. O-O e4 11. Nd4 Bxd4 12. cxd4 Nxd4 13. Bb2 c5 14. Bxd4
Qxd4 15. Qxd4 cxd4 16. Bxe4 Rb8 17. Rb4 Rd8 18. Rfb1 b6 19. a4 Rd6 20. Bd3 Bh3
21. Ba6 Rbd8 22. Rc1 Kg7 23. f3 0-1

[Event "International Tournament "]
[Site "Paracin, Pool "]
[Date "2019.07.10"]
[Round "7.55"]
[White "Radosavljevic, Slobodan D"]
[Black "Harisurya, Bharadwaj Gundepudi"]
[Result "1-0"]
[WhiteElo "2246"]
[BlackElo "1831"]
[PlyCount "79"]
[EventDate "2019.07.05"]

1. g3 d5 2. Bg2 Nf6 3. Nf3 Bf5 4. d3 e6 5. O-O Be7 6. c4 c6 7. Qb3 Qb6 8. Nc3
dxc4 9. Qxc4 Nbd7 10. Be3 Qb4 11. Qxb4 Bxb4 12. a3 Be7 13. Nh4 Bg6 14. b4 a6
15. h3 Nd5 16. Nxd5 exd5 17. Nxg6 hxg6 18. Rab1 Nf6 19. Rfc1 O-O 20. a4 Rfc8
21. h4 Bd6 22. Bc5 Ne8 23. e4 dxe4 24. dxe4 Rd8 25. Be3 Rd7 26. Rd1 Re7 27. Bb6
Rc8 28. f4 f6 29. Bh3 Ra8 30. Rd4 a5 31. bxa5 Ra6 32. Kg2 Ra8 33. Rbd1 Kh7 34.
Kf3 Kh8 35. Rxd6 Nxd6 36. Rxd6 Kh7 37. Be6 Rae8 38. f5 gxf5 39. exf5 g6 40. Bd8
1-0

[Event "International Tournament "]
[Site "Paracin, Pool "]
[Date "2019.07.10"]
[Round "7.56"]
[White "Kecskemeti, Arpad"]
[Black "Nakahara, Kan"]
[Result "1-0"]
[WhiteElo "2230"]
[BlackElo "1958"]
[PlyCount "139"]
[EventDate "2019.07.05"]

1. e4 e6 2. d4 d5 3. Nc3 Nf6 4. Bg5 dxe4 5. Nxe4 Be7 6. Bxf6 gxf6 7. Nf3 b6 8.
Bb5+ c6 9. Bd3 Bb7 10. Qd2 Qc7 11. Qh6 Nd7 12. Qg7 Rf8 13. Qxh7 O-O-O 14. Ned2
f5 15. Qh6 Rg8 16. Rg1 c5 17. O-O-O cxd4 18. Qh5 Nc5 19. Kb1 Bf6 20. Ne1 Rh8
21. Qe2 Qxh2 22. Nef3 Qc7 23. Nb3 Nxd3 24. Qxd3 Kb8 25. Nfd2 Rh2 26. f3 Rhh8
27. a4 Qc8 28. Qe2 Ba6 29. Qf2 Qc7 30. g4 d3 31. c3 Rh2 32. Rg2 Rdh8 33. gxf5
exf5 34. a5 Rxg2 35. Qxg2 bxa5 36. Qg1 Rc8 37. Nd4 Qb6 38. Nxf5 Qxg1 39. Rxg1
Rh8 40. Nd6 Rf8 41. f4 Be7 42. N6c4 a4 43. Ne5 Ka8 44. Rg3 Bh4 45. Rh3 Be1 46.
Kc1 Rd8 47. Nxf7 Rb8 48. Rh8 Rxh8 49. Nxh8 Kb8 50. Ng6 Bb7 51. Ne5 Bg3 52. Nxd3
Ba6 53. c4 Bc8 54. Ne4 Bh4 55. Kd2 Be7 56. Nec5 Bf5 57. Nxa4 Bd6 58. Nac5 Kc7
59. Ke3 a5 60. Ne4 Bf8 61. Nc3 Bg7 62. Ne5 Bf8 63. Kd4 Bh7 64. Nd5+ Kb7 65. c5
Bf5 66. c6+ Kc8 67. Nc4 Bg7+ 68. Kc5 Bf8+ 69. Nd6+ Kd8 70. c7+ 1-0

[Event "International Tournament "]
[Site "Paracin, Pool "]
[Date "2019.07.10"]
[Round "7.57"]
[White "Djokic, Slavoljub"]
[Black "Banovic, Ivan"]
[Result "0-1"]
[WhiteElo "2128"]
[BlackElo "2227"]
[PlyCount "94"]
[EventDate "2019.07.05"]

1. c4 g6 2. Nc3 Bg7 3. Nf3 Nf6 4. g3 O-O 5. Bg2 d6 6. O-O Nc6 7. d4 Bf5 8. Bg5
h6 9. Bxf6 Bxf6 10. e3 Bg7 11. Rc1 e5 12. d5 Ne7 13. h3 Bd7 14. e4 a5 15. b3 f5
16. exf5 gxf5 17. Ne2 b6 18. a3 Ng6 19. Nc3 Qf6 20. Nb5 Rac8 21. b4 axb4 22.
axb4 Rfe8 23. Re1 Bxb5 24. cxb5 e4 25. Nd2 Ne5 26. Bf1 Qf7 27. Qb3 h5 28. Be2
Bh6 29. Rcd1 h4 30. Nc4 Kh8 31. Nxe5 Rxe5 32. gxh4 Rg8+ 33. Kh1 Qf6 34. Rg1
Qxh4 35. Rxg8+ Kxg8 36. Rg1+ Kh7 37. Qc3 e3 38. Rg3 Bf4 39. Rf3 exf2 40. Bf1
Re1 41. Kg2 Re7 42. Kh1 Rg7 43. Bg2 Rg3 44. Rxg3 Bxg3 45. Qxc7+ Kh6 46. Qxb6
Qf4 47. Qa7 Qc1+ 0-1

[Event "International Tournament "]
[Site "Paracin, Pool "]
[Date "2019.07.10"]
[Round "7.58"]
[White "Shoshin, Kirill"]
[Black "Pasti, Aron"]
[Result "0-1"]
[WhiteElo "2089"]
[BlackElo "2209"]
[PlyCount "52"]
[EventDate "2019.07.05"]

1. d4 d5 2. c4 e6 3. Nc3 Nf6 4. cxd5 exd5 5. Bg5 Be7 6. e3 O-O 7. Qc2 c6 8. Bd3
Nbd7 9. Nge2 Re8 10. O-O Nf8 11. f3 Ng6 12. e4 dxe4 13. fxe4 Be6 14. h3 Qc7 15.
Rf3 Rad8 16. Raf1 c5 17. d5 Bd7 18. b3 Ng4 19. hxg4 Bxg5 20. Rxf7 Ne5 21. Bc4
Be3+ 22. Kh1 Qd6 23. R7f3 Nxg4 24. Rh3 Rf8 25. Rff3 Rxf3 26. gxf3 Nf2+ 0-1

[Event "International Tournament "]
[Site "Paracin, Pool "]
[Date "2019.07.10"]
[Round "7.59"]
[White "Kantorik, Marian"]
[Black "Tanishka, Kotia"]
[Result "0-1"]
[WhiteElo "2196"]
[BlackElo "1942"]
[PlyCount "104"]
[EventDate "2019.07.05"]

1. d4 Nf6 2. c4 e6 3. Nc3 d5 4. cxd5 exd5 5. Bg5 c6 6. e3 Be7 7. Bd3 O-O 8. Qc2
h6 9. Bh4 Nbd7 10. Nge2 Nh5 11. Bxe7 Qxe7 12. g4 Nhf6 13. g5 hxg5 14. h4 g4 15.
h5 Re8 16. O-O-O Ne4 17. Bxe4 dxe4 18. Nf4 Nf6 19. Kb1 Bd7 20. h6 g6 21. d5 Kh7
22. Qb3 a5 23. d6 Qf8 24. Qb6 Bf5 25. Qxb7 Bd7 26. Qb6 Reb8 27. Qd4 Qh8 28. Qc4
Qe8 29. a3 Rb7 30. Qd4 Qh8 31. Rd2 Rab8 32. Ka1 Rb3 33. Ka2 R8b7 34. Qe5 Bf5
35. Nfe2 Nd5 36. Qxh8+ Kxh8 37. Nxd5 cxd5 38. Rc1 R3b6 39. Nd4 Be6 40. Rc7 Bd7
41. Rdc2 Kh7 42. Rxb7 Rxb7 43. Rc7 Rxc7 44. dxc7 f5 45. b4 axb4 46. axb4 g5 47.
Kb2 f4 48. exf4 gxf4 49. Kc3 e3 50. fxe3 f3 51. Kd2 f2 52. Ke2 g3 0-1

[Event "International Tournament "]
[Site "Paracin, Pool "]
[Date "2019.07.10"]
[Round "7.60"]
[White "Kosmidis, Ioannis"]
[Black "Nestorovic, Katarina"]
[Result "1-0"]
[WhiteElo "2100"]
[BlackElo "2179"]
[PlyCount "97"]
[EventDate "2019.07.05"]

1. d4 Nf6 2. c4 e6 3. g3 Bb4+ 4. Bd2 Be7 5. Bg2 d5 6. Nf3 O-O 7. O-O Nbd7 8.
Qc2 b6 9. cxd5 exd5 10. Bf4 c5 11. Nc3 Bb7 12. Rfd1 Rc8 13. Rac1 Ne4 14. Qd3
Nxc3 15. Rxc3 c4 16. Qf5 Nf6 17. Ne5 b5 18. Qh3 Qa5 19. g4 b4 20. Rxc4 dxc4 21.
Bxb7 Rc7 22. Nc6 Rxc6 23. Bxc6 Qa6 24. d5 c3 25. bxc3 Qxe2 26. Rd2 Qe4 27. Qe3
Qb1+ 28. Kg2 bxc3 29. Re2 Bb4 30. h3 Qd1 31. d6 c2 32. Bf3 Bxd6 33. Rxc2 Qxc2
34. Bxd6 Re8 35. Qxa7 h6 36. a4 Qd3 37. Bf4 Re1 38. a5 Qf1+ 39. Kg3 g5 40. Be3
Ra1 41. Qe7 h5 42. Bxg5 Qg1+ 43. Bg2 Rb1 44. Qd8+ Kh7 45. Qxf6 Rb3+ 46. Be3 Kg8
47. gxh5 Ra3 48. Qg5+ Kh7 49. h6 1-0

[Event "International Tournament "]
[Site "Paracin, Pool "]
[Date "2019.07.10"]
[Round "7.61"]
[White "Mehmed, Elif"]
[Black "Nagare, Akhilesh"]
[Result "1-0"]
[WhiteElo "2164"]
[BlackElo "1928"]
[PlyCount "85"]
[EventDate "2019.07.05"]

1. e4 e6 2. d4 d5 3. Bd3 dxe4 4. Bxe4 Nf6 5. Bf3 c5 6. Ne2 Nc6 7. Be3 e5 8.
Bxc6+ bxc6 9. dxe5 Qxd1+ 10. Kxd1 Ng4 11. Nd2 Nxe3+ 12. fxe3 Bg4 13. h3 Bh5 14.
g4 Bg6 15. Nf4 O-O-O 16. Nxg6 hxg6 17. Ke2 Be7 18. Raf1 Rdf8 19. Rf3 Kd7 20.
Rhf1 Ke6 21. Nc4 f6 22. exf6 gxf6 23. Na5 Kd7 24. Rd1+ Kc7 25. e4 c4 26. Nxc4
Bc5 27. Rdf1 Re8 28. Nd2 Bd4 29. c3 Be5 30. Nc4 g5 31. Nxe5 Rxe5 32. Re3 Rb8
33. b4 c5 34. a3 cxb4 35. axb4 Rb6 36. Rf5 a5 37. Rxe5 fxe5 38. bxa5 Ra6 39.
Rd3 Rxa5 40. Rd5 Ra2+ 41. Kd3 Rh2 42. Rxe5 Rxh3+ 43. Kd4 1-0

[Event "International Tournament "]
[Site "Paracin, Pool "]
[Date "2019.07.10"]
[Round "7.62"]
[White "Baterdene, Tsogbayar"]
[Black "Baylav, Can"]
[Result "1/2-1/2"]
[WhiteElo "2247"]
[BlackElo "2120"]
[PlyCount "40"]
[EventDate "2019.07.05"]

1. e4 c5 2. Nf3 d6 3. d4 cxd4 4. Nxd4 Nf6 5. Nc3 a6 6. h3 e5 7. Nde2 h5 8. g3
Be6 9. Bg2 Be7 10. a4 Nbd7 11. O-O Rc8 12. a5 O-O 13. b3 b5 14. axb6 Qxb6 15.
Be3 Qb7 16. Qd3 Nc5 17. Bxc5 Rxc5 18. Na4 Rb5 19. Nac3 Rc5 20. Na4 Rb5 1/2-1/2

[Event "International Tournament "]
[Site "Paracin, Pool "]
[Date "2019.07.10"]
[Round "7.63"]
[White "Altun, Arda"]
[Black "Bratkovic, Sham"]
[Result "*"]
[WhiteElo "2124"]
[BlackElo "2237"]
[PlyCount "77"]
[EventDate "2019.07.05"]

1. e4 e5 2. Nf3 Nc6 3. d4 exd4 4. Nxd4 Bb4+ 5. c3 Bc5 6. Be3 Bb6 7. Nf5 Bxe3 8.
Nxe3 d6 9. c4 Nge7 10. Nc3 O-O 11. g3 f5 12. Bg2 Ne5 13. f4 N5c6 14. O-O fxe4
15. Nxe4 Nf5 16. Nd5 Nce7 17. Qd3 Nxd5 18. cxd5 c5 19. Rae1 Nd4 20. h3 Bf5 21.
g4 Bxe4 22. Bxe4 Qh4 23. Kg2 Rae8 24. b3 Kh8 25. Qg3 Qxg3+ 26. Kxg3 Re7 27. Bd3
Rfe8 28. Rxe7 Rxe7 29. Kf2 g6 30. Re1 Rxe1 31. Kxe1 Kg7 32. Kf2 h6 33. h4 Kf6
34. Ke3 h5 35. g5+ Kf7 36. Be4 Kg7 37. Kd3 Kf7 38. Ke3 Kg7 39. Kd3 *

[Event "International Tournament "]
[Site "Paracin, Pool "]
[Date "2019.07.10"]
[Round "7.65"]
[White "Koljevic, Nikolina"]
[Black "Sahin, Ozgun"]
[Result "1/2-1/2"]
[WhiteElo "1960"]
[BlackElo "2214"]
[PlyCount "128"]
[EventDate "2019.07.05"]

1. e4 c5 2. Nf3 Nc6 3. Bb5 g6 4. O-O Bg7 5. Re1 Nf6 6. e5 Nd5 7. Nc3 Nc7 8.
Bxc6 bxc6 9. d3 Rb8 10. Ne4 Ne6 11. Rb1 O-O 12. Be3 d6 13. Qc1 dxe5 14. Nxc5
Nd4 15. Nxd4 exd4 16. Bh6 Qd5 17. Bxg7 Kxg7 18. Qf4 Qd6 19. Qe5+ Qxe5 20. Rxe5
e6 21. Nb3 Rd8 22. Rc5 Rd6 23. Re1 f6 24. f4 Bd7 25. Ra5 Rb7 26. Re4 Rd5 27.
Rxd4 Rxd4 28. Nxd4 Kf8 29. b3 Ke7 30. a3 Kd6 31. b4 h6 32. Nb3 g5 33. g3 Be8
34. Kf2 Bh5 35. Rc5 Be8 36. Na5 Rc7 37. Nc4+ Kd7 38. Ne3 Kd6 39. f5 exf5 40.
Nxf5+ Ke6 41. g4 Rh7 42. Ng3 Bd7 43. h3 Be8 44. d4 Rb7 45. c4 Rh7 46. Ra5 h5
47. gxh5 Bxh5 48. Ra6 Be8 49. Kg2 Rh4 50. d5+ Ke5 51. dxc6 Rxc4 52. b5 Kf4 53.
Ne2+ Ke3 54. Rxa7 Bxc6+ 55. bxc6 Kxe2 56. c7 f5 57. Ra5 g4 58. Re5+ Kd3 59.
hxg4 Rxg4+ 60. Kf3 Rc4 61. Re7 Kc3 62. Rf7 Kb3 63. Ke3 Kxa3 64. Kd3 Kb4 1/2-1/2